Normal view
MARC view
- Simla (India : District)
Entry Geographic Name
001 - CONTROL NUMBER
- control field: 1304
003 - CONTROL NUMBER IDENTIFIER
- control field: NUST
005 - DATE AND TIME OF LATEST TRANSACTION
- control field: 20170523120830.0
008 - FIXED-LENGTH DATA ELEMENTS
- fixed length control field: 170523|| aca||aabn | a|a d
040 ## - CATALOGING SOURCE
- Original cataloging agency: NUST
- Transcribing agency: NUST
151 ## - HEADING--GEOGRAPHIC NAME
- Geographic name: Simla (India : District)
670 ## - SOURCE DATA FOUND
- Source citation: Work cat.: (NUST)0: Gazetteer of the Simla district, 1888-89., 2000.
